00490nmm a2200157Ia 4500008004100000020001800041041000800059100002600067245007500093264005500168300001800223650001600241856005100257942000700308999001700315251105s9999||||xx |||||||||||||||||und|| a9789560102065 aspa aBenavides, Verónica 0aEl problema de la creación del mundo: San Agustín en el siglo XIII a[Santiago de Chile, Chile] :bRil editores, c2015 a292 páginas aReligion(s) uhttps://public.digitaliapublishing.com/a/42555 cCF c93701d93701